Tilastot visalle Värssy

Klikkaa tästä pelataksesi tätä visaa!

Yleistilastot

  • Tätä visaa on pelattu 13 kertaa
  • Keskiarvotulos 5 / 20

Vastaustilastot

HintVastaus% Oikein
Hoosianna, Daavidin Poika…1
100%
Nyt sytytämme kynttilän…13
73%
Tiellä ken vaeltaa…15
64%
Jo joutui armas aika…571
36%
Aurinkomme ylösnousi…105
27%
Henkensä antoi kaikki ken loi…683
27%
Se lähde auki on kaikille…319
18%
Älä pelkää morsiameni…681
18%
On saatana, maailma voitettava…709
18%
Ei houkka tätä ymmärrä…724
18%
Det går från örtagården…77
18%
Tulkaa kaikki kotiin tulkaa…149
9%
Kristityn ilman ristiä…354
9%
Kun askeleeni hidastuu…527
9%
Kaikki entinen katoaa…547
9%
Ah, sä etkö jo huoli mun kihloistani…652
9%
Mutta katsos aamusella seisoo Jeesus rannalla, paistaa kalaa hiilloksella taittaa leipää ilolla.663
9%
Sen Joosef, Job ja Daavidkin…701
9%
Satamaan kun saapuu laiva…732
9%
Nyt rakkahamme hautaamme…764
9%

Tulosjakauma

Persentiili vastausten määrän mukaan

Jokaisen tuloksen saaneiden osuus

Tuloshistoriasi

Et ole pelannut tätä visaa